01354nam a22003017a 4500003000400000005001700004008003800021020001800059040002500077082001600102100004300118245014500161260003800306300002100344490005400365500004300419500003800462504002800500590002700528700003800555830005700593910001400650942001400664952011700678952012300795952011700918999001701035OSt20210324143445.0100322s2018 dr 000 0 spa d a9789945590807 aDO-SdBNPbspacBNPHU axxxxbM828r1 aMorales Muñoz, Sergio 937920d1988-10aReflexiones jurídicas, políticas y sociales del entramado ambiental dominicano /cSergio Morales Muñoz ; prólogo Natasha Despotovic  aSanto Domingo :bFUNGLODE,c2018. a103 p. :c21 cm.1 aEstudios y reflexiones ;aDesarrollo sostenible ; aIncluye datos biográficos del autor. aIncluye notas a pie de páginas. aBibliografía p: 93-95 aInventariado, 2021/ YL12aDespotovic, Natashaeprol.974370 aEstudios y reflexionespDesarrollo sostenible978257 aYLOCKWARD 2ddccLBS1 00102ddc718PDaBNPHUbBNPHUcCTd2019-04-23eFUNGLODEl0oxxxx M828rp2021-1210r2021-03-24w2021-03-24yLFPD 00102ddc718PDaBNPHUbBNPHUcCTd2019-04-23eFUNGLODEl0oxxxx M828rp2021-1211r2021-03-24te. 2w2021-03-24yLFPD 00102ddc758DSaGRbGRcCTd2019-04-23eFUNGLODEl0oxxxx M828rp2021-1212r2021-03-24te. 3w2021-03-24yLFDS c49677d49677